Théories éco dates - Statistiques

Statistiques générales
  • Ce quiz a été pris 7 fois
  • Le résultat moyen est 10 sur 15
Statistiques - réponses
Hint Réponse % Correct
Esprits animaux (Keynes) 1936
100%
Métaphore du concours de beauté (Keynes) 1936
100%
Anticipations (Keynes) 1936
100%
Théorème d'impossibilité (Arrow) 1951
71%
Vote avec les pieds (Tiebout) 1956
71%
Anticipations (Cagan) 1956
71%
Anticipations (Friedman) 1957
71%
Théorie de la capture (Stigler) 1971
71%
Théorie de la justice (Rawls) 1971
71%
Paradoxe de Grossman-Stiglitz 1980
71%
Cygne noir (Taleb) 2010
71%
Paradoxe de l'action collective (Olson) 1965
57%
Efficience des marchés financiers (Fama) 1970
43%
Anticipations (Azariadis) 1981
43%
Théorème de Coase 1960
14%
Aucun quiz correspondant
Distribution des résultats
% des personnes avec chaque résultat
Percentile par nombre de réponses
Votre historique - résultats
Vous n’avez pas pris ce quiz